|
|
|
|
| LEADER |
01091nam a2200361 4500 |
| 001 |
DLU110129791 |
| 005 |
##20111223 |
| 040 |
# |
# |
|a DLU
|b eng
|
| 041 |
# |
# |
|a eng
|
| 044 |
# |
# |
|a us
|
| 245 |
# |
# |
|a Natal dispersal correlates with behavioral traits that are not consistent across early life stages /
|c Katrine S. Hoset ... [et al.].
|
| 653 |
# |
# |
|a Dispersal syndrome
|
| 653 |
# |
# |
|a Exploration
|
| 653 |
# |
# |
|a Mammal
|
| 653 |
# |
# |
|a Natal dispersal
|
| 653 |
# |
# |
|a Personality trait
|
| 653 |
# |
# |
|a Sociability
|
| 700 |
# |
# |
|a Cote, Julien.
|
| 700 |
# |
# |
|a Dufour, Florence.
|
| 700 |
# |
# |
|a Ferchaud, Anne-Laure.
|
| 700 |
# |
# |
|a Galliard, Jean-Francois Le.
|
| 700 |
# |
# |
|a Hoset, Katrine S.
|
| 700 |
# |
# |
|a Mersch, Danielle.
|
| 773 |
# |
# |
|t Behavioral ecology
|g Vol. 22, no. 1 (January-February 2011), p. 176-183
|
| 920 |
# |
# |
|a Phòng Tạp chí -- Trung tâm Thông tin - Thư viện Trường Đại học Đà Lạt
|
| 994 |
# |
# |
|a DLU
|
| 900 |
# |
# |
|a True
|
| 911 |
# |
# |
|a Trương Bảo Trâm Anh
|
| 925 |
# |
# |
|a G
|
| 926 |
# |
# |
|a A
|
| 927 |
# |
# |
|a BB
|
| 980 |
# |
# |
|a Thư viện Trường Đại học Đà Lạt
|